000
00333 a2200157 4500
001
60759
020
_a
8501049255
040
_c
Anchieta - Pituba
100
_a
Silva, Myltainho Severiano da
240
1
0
_a
Se liga!
_l
por
245
1
0
_a
Se liga!
300
_a
250
362
0
_a
1998
650
4
_a
Abuso de substâncias
942
_c
BK
999
_c
60759
_d
60759